Cidades dos clubes campeões da CONMEBOL Sul-Americana - Statistics

Estatísticas Gerais
  • Esse quiz foi jogado 130 vezes
  • A pontuação média é 11 de 15
Estatísticas das Respostas
Clubes País Cidade % Correto
Boca Juniors, River Plate, San Lorenzo Argentina Buenos Aires
99%
LDU Equador Quito
97%
São Paulo Brasil São Paulo
97%
Athlético Paranaense Brasil Curitiba
95%
Internacional Brasil Porto Alegre
95%
Chapecoense Brasil Chapecó
93%
Universidad de Chile Chile Santiago
92%
Santa Fe Colômbia Bogotá
80%
Arsenal Argentina Sarandí
79%
Lanús Argentina Lanús
77%
Pachuca México Pachuca
77%
Independiente Argentina Avellaneda
56%
Cienciano Peru Cuzco
37%
Independiente Del Valle Equador Sangolquí
15%
Defensa y Justicia Argentina Florencio Varela
11%
Nenhum quiz correspondente encontrado
Distribuição das Pontuações
Porcentagem de Pessoas com Cada Pontuação
Percentil de Números Respondidos
Sua Pontuação Histórica
Você não jogou esse quiz